| 000 -LEADER |
| fixed length control field |
00944nam a22002297a 4500 |
| 005 - DATE AND TIME OF LATEST TRANSACTION |
| control field |
20240202173635.0 |
| 008 - FIXED-LENGTH DATA ELEMENTS--GENERAL INFORMATION |
| fixed length control field |
240202s2017 en ||||| |||| 00| 0 eng d |
| 020 ## - INTERNATIONAL STANDARD BOOK NUMBER |
| International Standard Book Number |
9780894139871 X |
| 041 ## - LANGUAGE CODE |
| Language code of text/sound track or separate title |
eng |
| 080 ## - UNIVERSAL DECIMAL CLASSIFICATION NUMBER |
| Universal Decimal Classification number |
657.6 I-69 |
| 245 ## - TITLE STATEMENT |
| Title |
Internal auditing : |
| Remainder of title |
assurance & advisory services / |
| Statement of responsibility, etc. |
Urton L. Anderson, Michael J. Head, Sridhar Ramamoorti. |
| 250 ## - EDITION STATEMENT |
| Edition statement |
Fourth edition |
| 264 ## - PRODUCTION, PUBLICATION, DISTRIBUTION, MANUFACTURE, AND COPYRIGHT NOTICE |
| Place of production, publication, distribution, manufacture |
Lake Mary, FL : |
| Name of producer, publisher, distributor, manufacturer |
Internal Audit Foundation, |
| Date of production, publication, distribution, manufacture, or copyright notice |
2017. |
| 300 ## - PHYSICAL DESCRIPTION |
| Extent |
1 volume (various pagings) ; |
| Other physical details |
color illustrations ; |
| Dimensions |
29 cm. |
| 653 ## - INDEX TERM--UNCONTROLLED |
| keyword |
Internal auditing |
| 653 ## - INDEX TERM--UNCONTROLLED |
| keyword |
შიდა აუდიტი: გარანტია და საკონსულტაციო მომსახურება |
| 653 ## - INDEX TERM--UNCONTROLLED |
| keyword |
ბუღალტერია |
| 700 ## - ADDED ENTRY--PERSONAL NAME |
| Personal name |
Anderson, Urton |
| Relator term |
Author |
| 9 (RLIN) |
21193 |
| 700 ## - ADDED ENTRY--PERSONAL NAME |
| Personal name |
Head, Michael J |
| Relator term |
Author |
| 9 (RLIN) |
21194 |
| 700 ## - ADDED ENTRY--PERSONAL NAME |
| Personal name |
Ramamoorti, Sridhar |
| Relator term |
Author |
| 9 (RLIN) |
21195 |
| 942 ## - ADDED ENTRY ELEMENTS (KOHA) |
| Source of classification or shelving scheme |
|
| Koha item type |
წიგნი |